[Event "Bonne annee"]
[Site "Charny CAN"]
[Date "1997.01.04"]
[Round "2"]
[White "Champetier, Serge"]
[Black "Lacroix, Serge"]
[Result "1/2-1/2"]
[WhiteElo "2058"]
[BlackElo "1837"]
[PlyCount "47"]
[EventDate "1997.01.03"]
[EventType "swiss"]
[EventRounds "5"]
[EventCountry "CAN"]

1. e4 e5 2. Nf3 Nc6 3. d4 exd4 4. Nxd4 Nf6 5. Nxc6 bxc6 6. e5 Qe7 7. Qe2 Nd5 8.
c4 Nb6 9. b3 d5 10. exd6 cxd6 11. Nc3 d5 12. cxd5 Nxd5 13. Nxd5 cxd5 14. Bb2
Qxe2+ 15. Kxe2 Bg4+ 16. Ke3 Bc5+ 17. Bd4 Bb6 18. Bxb6 axb6 19. Kd4 Ke7 20. Kxd5
Rhd8+ 21. Ke4 Rd2 22. Bc4 Rxf2 23. Rae1 Rxg2 24. Bd5 1/2-1/2

[Event "Bonne annee"]
[Site "Charny CAN"]
[Date "1997.01.04"]
[Round "3"]
[White "Lacroix, Serge"]
[Black "Auger, Bertrand"]
[Result "1-0"]
[WhiteElo "1837"]
[BlackElo "1958"]
[PlyCount "65"]
[EventDate "1997.01.03"]
[EventType "swiss"]
[EventRounds "5"]
[EventCountry "CAN"]

1. e4 e6 2. d4 d5 3. Nc3 Bb4 4. e5 Ne7 5. a3 Bxc3+ 6. bxc3 c5 7. Nf3 Qa5 8. Bd2
Nbc6 9. Be2 Bd7 10. O-O Qc7 11. a4 Ng6 12. Bc1 f6 13. exf6 gxf6 14. g3 c4 15.
Re1 O-O-O 16. Bf1 h5 17. h4 Rdg8 18. Kh1 Nce7 19. Qe2 Nf5 20. Be3 Nd6 21. Reb1
Ne4 22. Qe1 Rh7 23. Bg2 Rhg7 24. Rb4 Bc6 25. Ng1 Qd6 26. Nh3 e5 27. Bxe4 dxe4
28. Rxc4 Rd7 29. Kh2 Qd5 30. Qe2 Kb8 31. Rb4 a5 32. c4 Qe6 33. d5 1-0

[Event "Bonne annee"]
[Site "Charny CAN"]
[Date "1997.01.05"]
[Round "4"]
[White "Sauve, Richard"]
[Black "Lacroix, Serge"]
[Result "1/2-1/2"]
[WhiteElo "1956"]
[BlackElo "1837"]
[PlyCount "106"]
[EventDate "1997.01.03"]
[EventType "swiss"]
[EventRounds "5"]
[EventCountry "CAN"]

1. e4 e5 2. Nf3 Nc6 3. d4 exd4 4. Nxd4 Nf6 5. Nc3 Bb4 6. Nxc6 bxc6 7. Bd3 d5 8.
exd5 cxd5 9. O-O O-O 10. Bg5 c6 11. Qf3 Qd6 12. Bf4 Qe6 13. h3 Bxc3 14. bxc3
Ne4 15. c4 f5 16. cxd5 cxd5 17. Qe3 a5 18. Rfe1 Qc6 19. f3 Nc5 20. Bf1 Ba6 21.
Bxa6 Nxa6 22. Qe6+ Qxe6 23. Rxe6 Rfe8 24. Rae1 Kf7 25. Rxe8 Rxe8 26. Rxe8 Kxe8
27. a3 Kd7 28. Kf2 Kc6 29. Ke3 Kc5 30. Kd3 g6 31. Be3+ Kc6 32. c4 Nc7 33. Bd2
a4 34. cxd5+ Kxd5 35. Kc3 Kc5 36. Be3+ Kb5 37. Kd4 Ne6+ 38. Ke5 Nc7 39. Kd6 Na6
40. Kd5 Nb8 41. h4 Nc6 42. Bc1 Na5 43. Bd2 Nb3 44. Bb4 Nc1 45. g4 fxg4 46. fxg4
Nd3 47. Bd6 Nf2 48. g5 Nd1 49. Ke6 Ne3 50. Kf7 Nf5 51. Bf8 Nxh4 52. Kg7 Nf3 53.
Be7 Nxg5 1/2-1/2

[Event "Pere Noel"]
[Site "Montreal CAN"]
[Date "1996.12.27"]
[Round "2"]
[White "Lacroix, Serge"]
[Black "Teuton, Frank"]
[Result "0-1"]
[WhiteElo "1828"]
[BlackElo "2148"]
[Annotator "Incomplete"]
[PlyCount "104"]
[EventDate "1996.12.26"]
[EventType "swiss"]
[EventRounds "5"]
[EventCountry "CAN"]

1. e4 c6 2. d4 g6 3. Nc3 d5 4. Nf3 Bg7 5. Bf4 Bg4 6. exd5 cxd5 7. h3 Bxf3 8.
Qxf3 Nc6 9. Nxd5 Nxd4 10. Nc7+ Qxc7 11. Bb5+ Kf8 12. Bxc7 Nxf3+ 13. gxf3 Bxb2
14. Rb1 Bc3+ 15. Ke2 Rc8 16. Bf4 e5 17. Bc1 Kg7 18. Ba4 b6 19. f4 exf4 20. Kf3
Be5 21. Re1 Rc3+ 22. Kg2 f6 23. Bb2 Rc5 24. Red1 Rc7 25. Rd5 Bxb2 26. Rxb2 Ne7
27. Rd4 g5 28. Rb5 Ng6 29. Rbd5 Rf8 30. Rd7+ Rf7 31. Rd8 Rfe7 32. Ra8 Re1 33.
Rdd8 Nh4+ 34. Kh2 Nf3+ 35. Kg2 Rc3 36. Rd3 Rxd3 37. Rxa7+ Kh6 38. cxd3 Nh4+ 39.
Kh2 Rf1 40. Be8 Rxf2+ 41. Kg1 Re2 42. Bc6 f5 43. Rb7 g4 44. hxg4 fxg4 45. Be4
g3 46. Rxh7+ Kg5 47. Kf1 f3 48. Rg7+ Kf4 49. Rf7+ Ke3 50. Bxf3 Rf2+ 51. Kg1
Nxf3+ 52. Rxf3+ Kxf3 0-1

[Event "Pere Noel"]
[Site "Montreal CAN"]
[Date "1996.12.28"]
[Round "3"]
[White "Lacroix, Serge"]
[Black "Cormos, Eugene"]
[Result "0-1"]
[WhiteElo "1828"]
[BlackElo "2022"]
[PlyCount "46"]
[EventDate "1996.12.26"]
[EventType "swiss"]
[EventRounds "5"]
[EventCountry "CAN"]

1. e4 e5 2. Nf3 Nc6 3. Bb5 a6 4. Ba4 Nf6 5. O-O Be7 6. Re1 b5 7. Bb3 d6 8. c3
O-O 9. h3 Na5 10. Bc2 c5 11. d4 cxd4 12. cxd4 Qc7 13. b3 Nc6 14. dxe5 dxe5 15.
a3 Be6 16. Bb2 Rac8 17. Nbd2 Nh5 18. Rc1 Nf4 19. Bb1 f6 20. Re3 Qb6 21. Qe1 a5
22. Nf1 Bc5 23. Rec3 Bxf2+ 0-1

[Event "Pere Noel"]
[Site "Montreal CAN"]
[Date "1996.12.29"]
[Round "4"]
[White "Malette, Martin"]
[Black "Lacroix, Serge"]
[Result "1-0"]
[WhiteElo "1944"]
[BlackElo "1828"]
[PlyCount "62"]
[EventDate "1996.12.26"]
[EventType "swiss"]
[EventRounds "5"]
[EventCountry "CAN"]

1. e4 e5 2. Nf3 Nc6 3. Nc3 Nf6 4. d4 exd4 5. Nxd4 Bb4 6. Nxc6 bxc6 7. Bd3 d5 8.
exd5 cxd5 9. O-O O-O 10. Bg5 c6 11. Qf3 Be7 12. Rae1 h6 13. Bxh6 gxh6 14. Qe3
Re8 15. Qxh6 Bf8 16. Rxe8 Qxe8 17. Qxf6 Bg7 18. Qg5 Rb8 19. b3 Rb4 20. Ne2 Rg4
21. Qh5 Qe7 22. Ng3 Rg5 23. Qd1 Bc3 24. Qf3 Be5 25. Re1 f6 26. Qe3 a5 27. Qe2
Rg4 28. f4 Rxf4 29. Qh5 c5 30. Qh6 Qd6 31. Bg6 Ba6 1-0

[Event "Premiere Neige"]
[Site "Montreal CAN"]
[Date "1996.12.06"]
[Round "1"]
[White "Lacroix, Serge"]
[Black "Hua, Lefong"]
[Result "0-1"]
[WhiteElo "1875"]
[BlackElo "2177"]
[Annotator "Incomplete"]
[PlyCount "62"]
[EventDate "1996.12.06"]
[EventType "swiss"]
[EventRounds "5"]
[EventCountry "CAN"]

1. e4 c5 2. Nf3 d6 3. d4 cxd4 4. Nxd4 Nf6 5. Nc3 g6 6. Be3 Bg7 7. Qd2 Ng4 8.
Bg5 Nc6 9. Nb3 h6 10. Bh4 Be6 11. f4 O-O 12. h3 Nf6 13. g4 Rc8 14. f5 Ne5 15.
Be2 Bc4 16. Bxf6 Bxf6 17. Qxh6 Bxe2 18. Kxe2 b5 19. Rac1 e6 20. fxg6 Nxg6 21.
h4 b4 22. Nd1 Qb6 23. Qe3 Qb5+ 24. Kf2 Bxh4+ 25. Kg2 Bg5 26. Qf2 Bxc1 27. Nxc1
Qc5 28. Qf3 Qxc2+ 29. Nf2 Qd2 30. Ne2 Qxe2 31. Qxe2 Nf4+ {etc.} 0-1

[Event "Premiere Neige"]
[Site "Montreal CAN"]
[Date "1996.12.07"]
[Round "2"]
[White "Lacombe, Simon"]
[Black "Lacroix, Serge"]
[Result "1-0"]
[WhiteElo "1941"]
[BlackElo "1875"]
[PlyCount "72"]
[EventDate "1996.12.06"]
[EventType "swiss"]
[EventRounds "5"]
[EventCountry "CAN"]

1. d4 Nf6 2. c4 e6 3. a3 d5 4. Nc3 dxc4 5. e4 c5 6. d5 exd5 7. exd5 a6 8. Bxc4
Bd6 9. Nge2 Nbd7 10. a4 Ne5 11. b3 Bf5 12. Ng3 Bg6 13. O-O Nfg4 14. Nce4 Bxe4
15. Nxe4 O-O 16. Nxd6 Qxd6 17. Bf4 Qf6 18. Bg3 Rfe8 19. a5 Rad8 20. Qc2 h5 21.
h3 Nh6 22. Rad1 Nf5 23. Bh2 Nd4 24. Qc1 Rxd5 25. Qa3 Nxc4 26. bxc4 Ne2+ 27. Kh1
Rxd1 28. Rxd1 Qxf2 29. Qb3 Re7 30. Qb6 Qf6 31. Bd6 Rd7 32. Kh2 h4 33. Qa7 Nc3
34. Qb8+ Kh7 35. Be5 Qe6 36. Rxd7 Qxd7 1-0

[Event "Premiere Neige"]
[Site "Montreal CAN"]
[Date "1996.12.07"]
[Round "3"]
[White "Plante, Michel"]
[Black "Lacroix, Serge"]
[Result "1-0"]
[WhiteElo "1940"]
[BlackElo "1875"]
[PlyCount "43"]
[EventDate "1996.12.06"]
[EventType "swiss"]
[EventRounds "5"]
[EventCountry "CAN"]

1. d4 Nf6 2. Nf3 e6 3. Bg5 c5 4. e3 Qb6 5. Nbd2 cxd4 6. exd4 Qxb2 7. Bxf6 gxf6
8. d5 exd5 9. Bd3 Nc6 10. O-O Bg7 11. Rb1 Qa3 12. Re1+ Ne5 13. Nd4 O-O 14. Rb3
Qc5 15. Bxh7+ Kxh7 16. Qh5+ Kg8 17. Rh3 Re8 18. Qh7+ Kf8 19. Nf5 Nf3+ 20. Nxf3
Rxe1+ 21. Nxe1 d6 22. Qh8+ 1-0

[Event "Outaouais op"]
[Site "Hull CAN"]
[Date "1996.11.22"]
[Round "1"]
[White "Taylor, Gordon"]
[Black "Lacroix, Serge"]
[Result "1-0"]
[WhiteElo "2398"]
[BlackElo "2103"]
[PlyCount "96"]
[EventDate "1996.11.21"]
[EventType "swiss"]
[EventRounds "5"]
[EventCountry "CAN"]

1. d4 Nf6 2. c4 e6 3. g3 Bb4+ 4. Bd2 Qe7 5. Bg2 O-O 6. Nc3 d6 7. Nf3 c5 8. O-O
e5 9. dxe5 dxe5 10. Nd5 Nxd5 11. cxd5 e4 12. Ne1 Bxd2 13. Qxd2 Rd8 14. Nc2 Nc6
15. Rad1 f5 16. Qc3 Ne5 17. f3 exf3 18. exf3 Qd6 19. Rfe1 Nf7 20. Na3 b6 21.
Nc4 Qf8 22. f4 Nd6 23. Nxd6 Rxd6 24. Re5 Bb7 25. Qd3 g6 26. Rd2 Rad8 27. Re3
R6d7 28. Qe2 Qf6 29. Qc4 Kg7 30. h4 h5 31. Kh2 Kh6 32. Rde2 Qf7 33. Rd2 Rd6 34.
a4 a5 35. b3 R8d7 36. Bf3 Rd8 37. Kh3 R8d7 38. Qc3 Kh7 39. Qb2 Kg8 40. Red3
Bxd5 41. Qe5 Bxf3 42. Rxd6 Rxd6 43. Rxd6 Qg7 44. Qxg7+ Kxg7 45. Rxb6 Bd1 46.
Kg2 c4 47. bxc4 Bxa4 48. Kf2 Bc2 1-0

[Event "Outaouais op"]
[Site "Hull CAN"]
[Date "1996.11.22"]
[Round "2"]
[White "Lacroix, Serge"]
[Black "Mahabir, Hugh"]
[Result "0-1"]
[WhiteElo "1922"]
[BlackElo "1836"]
[Annotator "Incomplete"]
[PlyCount "83"]
[EventDate "1996.11.21"]
[EventType "swiss"]
[EventRounds "5"]
[EventCountry "CAN"]

1. e4 e6 2. d4 d5 3. Nc3 Nf6 4. Bg5 Bb4 5. e5 h6 6. exf6 hxg5 7. fxg7 Rg8 8.
Nge2 a6 9. a3 Bd6 10. Ng3 Rxg7 11. Bd3 Nc6 12. Qh5 Qe7 13. Qh8+ Qf8 14. Qxf8+
Kxf8 15. Nce2 f5 16. c3 Bd7 17. h4 gxh4 18. Rxh4 Ke7 19. f4 Rag8 20. Kf2 Kd8
21. Rah1 Ne7 22. Rh8 c5 23. Rxg8+ Rxg8 24. Rh6 cxd4 25. cxd4 Kc7 26. Nh5 b5 27.
Rh7 Rf8 28. Neg3 Kb6 29. Ne2 Ng6 30. g3 Rh8 31. Rxh8 Nxh8 32. Ng1 Nf7 33. Nf3
a5 34. Ng5 Nd8 35. Nf6 Bc8 36. Ng8 Bd7 37. Ke3 Bc8 38. Nf6 Kc6 39. g4 fxg4 40.
Nxg4 b4 41. axb4 Bxb4 42. Nf6 {etc.} 0-1

[Event "SSSR"]
[Site "Charny CAN"]
[Date "1996.11.16"]
[Round "2"]
[White "Pescarus, Radu"]
[Black "Lacroix, Serge"]
[Result "0-1"]
[WhiteElo "1598"]
[BlackElo "1838"]
[PlyCount "80"]
[EventDate "1996.11.16"]
[EventType "swiss"]
[EventRounds "4"]
[EventCountry "CAN"]

1. e4 e5 2. Nf3 Nc6 3. Bc4 Nf6 4. Nc3 Bc5 5. d3 d6 6. Bg5 Bg4 7. h3 Bxf3 8.
gxf3 h6 9. Be3 Nd4 10. Na4 Nd7 11. Nxc5 Nxc5 12. f4 Qf6 13. f5 Nc6 14. c3 Nd7
15. Rg1 a6 16. Qh5 Na5 17. Bg5 hxg5 18. Qxh8+ Nf8 19. Qh5 b5 20. Bb3 Nxb3 21.
axb3 d5 22. Qxg5 Qc6 23. Qxg7 O-O-O 24. Qxf7 dxe4 25. Rg7 exd3 26. Kd2 Qh6+ 27.
Kd1 Qc6 28. Qxc7+ Qxc7 29. Rxc7+ Kxc7 30. Rxa6 Nd7 31. Re6 Rh8 32. f4 exf4 33.
Re4 Rxh3 34. Rxf4 Nf6 35. Kd2 Kc6 36. Rd4 Rf3 37. Rxd3 Rxf5 38. Kc2 Nd5 39. Rd4
Rf3 40. Kc1 Kc5 0-1

[Event "Jonquiere"]
[Site "Jonquiere CAN"]
[Date "1996.10.19"]
[Round "1"]
[White "Fortier, Marc-Andre"]
[Black "Lacroix, Serge"]
[Result "1/2-1/2"]
[WhiteElo "1730"]
[BlackElo "1940"]
[PlyCount "86"]
[EventDate "1996.10.19"]
[EventType "swiss"]
[EventRounds "5"]
[EventCountry "CAN"]

1. e4 e5 2. Nf3 Nc6 3. Bb5 a6 4. Ba4 Nf6 5. O-O Be7 6. Re1 b5 7. Bb3 d6 8. c3
O-O 9. h3 Nd7 10. d4 Nb6 11. Be3 exd4 12. cxd4 Na5 13. Bc2 Nac4 14. b3 Nxe3 15.
Rxe3 Bf6 16. Nc3 c5 17. e5 dxe5 18. dxc5 Qxd1+ 19. Rxd1 Nd7 20. b4 Re8 21. Nd5
Ra7 22. Nxf6+ gxf6 23. Nd4 Nf8 24. Nf5 Be6 25. Nd6 Rd8 26. a3 Ng6 27. Bxg6 fxg6
28. Ra1 Bd7 29. Ne4 Kg7 30. Rd1 Rc8 31. Rd6 f5 32. Nf6 Bc6 33. Nd5 e4 34. a4
Bxd5 35. Rxd5 Rc6 36. a5 Re7 37. Re1 Kf6 38. Red1 g5 39. Rd6+ Re6 40. Rxc6 Rxc6
41. Rd7 Ke6 42. Rd8 f4 43. Kf1 Ke5 1/2-1/2

[Event "Jonquiere op"]
[Site "Jonquiere CAN"]
[Date "1996.10.18"]
[Round "2"]
[White "Lacroix, Serge"]
[Black "Dorion, Francois"]
[Result "1-0"]
[WhiteElo "1940"]
[BlackElo "1690"]
[PlyCount "91"]
[EventDate "1996.10.19"]
[EventType "swiss"]
[EventRounds "4"]
[EventCountry "CAN"]

1. e4 c5 2. Nf3 a6 3. d4 g6 4. dxc5 Bg7 5. c3 Nc6 6. Nbd2 Nf6 7. Bd3 O-O 8. O-O
d6 9. cxd6 Qxd6 10. Nc4 Qc7 11. Be3 Bg4 12. Bb6 Qc8 13. h3 Bxh3 14. gxh3 Qxh3
15. Nh2 Qh4 16. Qf3 Bh6 17. Qg3 Qh5 18. Rfe1 Rac8 19. Be2 Nxe4 20. Bxh5 Nxg3
21. fxg3 gxh5 22. b3 Kh8 23. Rad1 Rg8 24. Kf2 Rg6 25. Be3 Bg7 26. Bd4 Nxd4 27.
cxd4 b5 28. Ne3 Rd6 29. Nf3 Rc3 30. Ne5 Rf6+ 31. Kg2 Bh6 32. Rd3 Rc8 33. Nd7
Rg6 34. Kf3 Rcg8 35. Nf5 Bg5 36. Kg2 e6 37. Nd6 Kg7 38. Rf3 Rd8 39. Rxf7+ Kg8
40. Ref1 Bh6 41. Nb7 Rc8 42. Ne5 Rc2+ 43. R1f2 Rxf2+ 44. Kxf2 Rg5 45. Rd7 Rf5+
46. Kg2 1-0

[Event "Jonquiere op"]
[Site "Jonquiere CAN"]
[Date "1996.10.18"]
[Round "3"]
[White "Lacroix, Serge"]
[Black "Masson, Denis"]
[Result "1-0"]
[WhiteElo "1940"]
[BlackElo "1422"]
[PlyCount "63"]
[EventDate "1996.10.19"]
[EventType "swiss"]
[EventRounds "4"]
[EventCountry "CAN"]

1. e4 e6 2. d4 d5 3. Nc3 Nf6 4. Bg5 Bb4 5. e5 h6 6. exf6 hxg5 7. fxg7 Rg8 8.
Nge2 Qf6 9. a3 Bd6 10. Nb5 Bd7 11. Nxd6+ cxd6 12. Nc3 a6 13. Qd2 Nc6 14. O-O-O
Rxg7 15. g3 Rc8 16. h4 g4 17. Kb1 b5 18. Na2 Qd8 19. Qf4 Qc7 20. Bd3 a5 21.
Bxb5 Ke7 22. Bxc6 Bxc6 23. Rd3 Bb5 24. Rd2 Rb8 25. Ka1 Rgg8 26. h5 Bc4 27. b3
Qb6 28. h6 e5 29. dxe5 dxe5 30. Qxe5+ Kd7 31. bxc4 Rg5 32. Rxd5+ 1-0

[Event "Jonquiere op"]
[Site "Jonquiere CAN"]
[Date "1996.10.20"]
[Round "4"]
[White "Gauthier, Denis"]
[Black "Lacroix, Serge"]
[Result "1/2-1/2"]
[WhiteElo "1960"]
[BlackElo "1940"]
[PlyCount "44"]
[EventDate "1996.10.19"]
[EventType "swiss"]
[EventRounds "4"]
[EventCountry "CAN"]

1. d4 Nf6 2. c4 e6 3. Nf3 Bb4+ 4. Nbd2 b6 5. e3 Bb7 6. Bd3 O-O 7. O-O d5 8. a3
Bxd2 9. Bxd2 Nbd7 10. Rc1 c5 11. Qe2 Qe7 12. cxd5 exd5 13. dxc5 bxc5 14. Bc3
Rac8 15. Nh4 Ne5 16. Nf5 Qe6 17. Bxe5 Qxe5 18. Ng3 Rfd8 19. Rfd1 g6 20. h3 h5
21. Qc2 h4 22. Ne2 Ne4 1/2-1/2

[Event "Quebec-ch classe U2000"]
[Site "Montreal CAN"]
[Date "1996.10.11"]
[Round "1"]
[White "Lacroix, Serge"]
[Black "Gravel, Simon jr"]
[Result "1-0"]
[WhiteElo "1918"]
[BlackElo "1821"]
[Annotator "Incomplete"]
[PlyCount "56"]
[EventDate "1996.10.11"]
[EventType "swiss"]
[EventRounds "5"]
[EventCountry "CAN"]

1. e4 e6 2. d4 d5 3. Nc3 Bb4 4. e5 c5 5. a3 Bxc3+ 6. bxc3 Ne7 7. a4 Qc7 8. Nf3
Bd7 9. Bd2 Nbc6 10. Bd3 Na5 11. O-O cxd4 12. cxd4 Nc4 13. Bb4 Nc6 14. Bc3 h6
15. Qe2 N6a5 16. Nd2 Rc8 17. Bb4 Nb2 18. Bb5 Nac4 19. Qg4 g6 20. Qh4 g5 21. Qg4
a5 22. Nxc4 Nxc4 23. Bxc4 Qxc4 24. Bxa5 Qxc2 25. h4 Rg8 26. Rac1 Qxa4 27. Rxc8+
Bxc8 28. Bb6 Qc2 {etc.} 1-0

[Event "Beloeil CC-ch"]
[Site "Beloeil CAN"]
[Date "1996.10.29"]
[Round "4"]
[White "Lacroix, Serge"]
[Black "Gardner, Robert"]
[Result "0-1"]
[WhiteElo "1869"]
[BlackElo "2083"]
[PlyCount "63"]
[EventDate "1996.10.01"]
[EventType "swiss"]
[EventRounds "6"]
[EventCountry "CAN"]

1. e4 c5 2. Nf3 d6 3. d4 cxd4 4. Nxd4 Nf6 5. Nc3 a6 6. Bg5 e6 7. f4 Be7 8. Qf3
Qc7 9. O-O-O Nbd7 10. g4 b5 11. Bxf6 Nxf6 12. g5 Nd7 13. f5 Nc5 14. f6 gxf6 15.
gxf6 Bf8 16. Rg1 h5 17. Kb1 b4 18. Nce2 Bb7 19. Ng3 h4 20. Nh5 Bxe4 21. Ng7+
Kd7 22. Qe3 d5 23. Bh3 Qe5 24. Rg5 Qxf6 25. Ngxe6 fxe6 26. Nxe6 Kc6 27. Rf1 Qe7
28. Nd4+ Kb7 29. Qf4 Bh6 30. Re5 Qc7 31. Qf7 Raf8 32. Re7 0-1

[Event "Montreal op"]
[Site "Montreal CAN"]
[Date "1996.08.31"]
[Round "1"]
[White "Lacroix, Serge"]
[Black "Desjardins, Andre"]
[Result "0-1"]
[WhiteElo "1990"]
[BlackElo "2132"]
[PlyCount "66"]
[EventDate "1996.08.31"]
[EventType "swiss"]
[EventRounds "5"]
[EventCountry "CAN"]

1. e4 c5 2. Nf3 Nc6 3. d4 cxd4 4. Nxd4 Nf6 5. Nc3 e5 6. Ndb5 d6 7. Bg5 a6 8.
Bxf6 gxf6 9. Na3 f5 10. Bc4 b5 11. Qd5 Qd7 12. Ncxb5 axb5 13. Bxb5 Bb7 14. Nc4
Qc7 15. exf5 O-O-O 16. O-O-O Kb8 17. Ne3 Nd4 18. Qc4 d5 19. Qa4 Nxb5 20. Qxb5
Qc5 21. Qxc5 Bxc5 22. Ng4 e4 23. c3 Kc7 24. b4 Bb6 25. Kc2 Rhg8 26. Ne3 Bxe3
27. fxe3 Rxg2+ 28. Kb1 Ba6 29. h4 Bd3+ 30. Kc1 Ra8 31. Rd2 Rxd2 32. Kxd2 Rxa2+
33. Ke1 Ra1+ 0-1

[Event "Montreal op"]
[Site "Montreal CAN"]
[Date "1996.08.31"]
[Round "2"]
[White "Mathews, Theo"]
[Black "Lacroix, Serge"]
[Result "0-1"]
[WhiteElo "1491"]
[BlackElo "1990"]
[PlyCount "80"]
[EventDate "1996.08.31"]
[EventType "swiss"]
[EventRounds "5"]
[EventCountry "CAN"]

1. d4 Nf6 2. c4 e6 3. Nc3 Bb4 4. Qc2 Bxc3+ 5. Qxc3 Ne4 6. Qc2 f5 7. Nf3 b6 8.
Nd2 Bb7 9. Nxe4 Bxe4 10. Qc3 O-O 11. Bf4 d6 12. f3 Bb7 13. e3 Nd7 14. Be2 Qe7
15. O-O e5 16. dxe5 Nxe5 17. Rfe1 Rae8 18. Bxe5 Qxe5 19. Qxe5 Rxe5 20. Bd3 Rfe8
21. Kf2 g6 22. Rac1 Kg7 23. Rc3 a5 24. Bc2 Kf6 25. Bb3 g5 26. Ba4 R8e7 27. Bc2
h5 28. g3 Rh7 29. h4 gxh4 30. gxh4 Rg7 31. Bd1 f4 32. e4 Re8 33. Rh1 Reg8 34.
Rh2 Rg1 35. Be2 Ra1 36. Rc2 Rxa2 37. c5 Ra1 38. cxb6 cxb6 39. Bc4 Rgg1 40. Rg2
Rh1 0-1

[Event "Montreal op"]
[Site "Montreal CAN"]
[Date "1996.09.01"]
[Round "3"]
[White "Lacroix, Serge"]
[Black "Tremblay, Alain"]
[Result "1-0"]
[WhiteElo "1990"]
[BlackElo "1984"]
[PlyCount "67"]
[EventDate "1996.08.31"]
[EventType "swiss"]
[EventRounds "5"]
[EventCountry "CAN"]

1. e4 c5 2. Nf3 e6 3. d4 cxd4 4. Nxd4 Nf6 5. Nc3 d6 6. g4 Be7 7. g5 Nfd7 8. h4
Nc6 9. Be3 a6 10. Qd2 Qc7 11. O-O-O Rb8 12. f4 b5 13. a3 b4 14. axb4 Nxb4 15.
Nb3 Nc6 16. Be2 Na5 17. Nxa5 Qxa5 18. Qd4 O-O 19. Qa4 Qxa4 20. Nxa4 Bb7 21. Bd3
d5 22. exd5 Bxd5 23. Rhf1 Bc6 24. Nc3 a5 25. Be4 Bd5 26. Nxd5 exd5 27. Rxd5 Nb6
28. Bxb6 Rxb6 29. Rxa5 Rfb8 30. b3 Bd6 31. Bd3 Rb4 32. Bc4 g6 33. f5 gxf5 34.
Raxf5 1-0

[Event "Festival gourmands"]
[Site "Asbestos CAN"]
[Date "1996.08.23"]
[Round "1"]
[White "Lacroix, Serge"]
[Black "Fleurent, Louis-Philippe"]
[Result "1-0"]
[WhiteElo "1884"]
[BlackElo "1629"]
[PlyCount "61"]
[EventDate "1996.08.23"]
[EventType "swiss"]
[EventRounds "5"]
[EventCountry "CAN"]

1. e4 c5 2. Nf3 a6 3. d4 cxd4 4. Nxd4 d6 5. c4 Nf6 6. Nc3 e6 7. Be2 Be7 8. Be3
O-O 9. O-O Nbd7 10. f4 Nc5 11. Bf3 Rb8 12. Qe2 Bd7 13. e5 Ne8 14. Kh1 Nc7 15.
Rad1 dxe5 16. fxe5 Qe8 17. Ne4 Nxe4 18. Bxe4 f5 19. exf6 Bxf6 20. Qc2 g6 21. b4
b5 22. c5 Nd5 23. Bxd5 exd5 24. Bh6 Bg7 25. Bxg7 Kxg7 26. Nf3 Be6 27. Rfe1 Qf7
28. Ng5 Qd7 29. Nxe6+ Kg8 30. Nxf8 Rxf8 31. Qe2 1-0

[Event "Festival gourmands"]
[Site "Asbestos CAN"]
[Date "1996.08.25"]
[Round "4"]
[White "Lacroix, Serge"]
[Black "Leriche, Felix"]
[Result "1-0"]
[WhiteElo "1884"]
[BlackElo "2057"]
[PlyCount "78"]
[EventDate "1996.08.23"]
[EventType "swiss"]
[EventRounds "5"]
[EventCountry "CAN"]

1. e4 e6 2. d4 d5 3. Nc3 Bb4 4. e5 Ne7 5. a3 Bxc3+ 6. bxc3 c5 7. a4 Qa5 8. Bd2
Nbc6 9. Nf3 Bd7 10. Be2 c4 11. Ng5 h6 12. Nh3 O-O-O 13. Nf4 f6 14. exf6 gxf6
15. Bg4 e5 16. Bxd7+ Rxd7 17. Nh5 exd4 18. cxd4 c3 19. Be3 Rd6 20. O-O f5 21.
Qd3 Rg8 22. Rfb1 Qd8 23. a5 Rdg6 24. Nf4 Rg4 25. Rb5 Qd6 26. Rab1 Rxf4 27. Bxf4
Qxf4 28. Rxb7 Qe4 29. Qxe4 fxe4 30. a6 Rg7 31. R1b3 Nf5 32. Rxg7 Nxg7 33. Rxc3
Kc7 34. Rc5 Kd6 35. c4 dxc4 36. Rxc4 Ne7 37. Rc5 Nd5 38. Rc8 h5 39. Ra8 Nb4 1-0

[Event "Quebec op"]
[Site "Montreal CAN"]
[Date "1996.07.31"]
[Round "5"]
[White "Lacroix, Serge"]
[Black "Hudon, Paul"]
[Result "1-0"]
[WhiteElo "1955"]
[BlackElo "1775"]
[PlyCount "63"]
[EventDate "1996.07.27"]
[EventType "swiss"]
[EventRounds "9"]
[EventCountry "CAN"]

1. e4 Nc6 2. d4 d5 3. e5 Bf5 4. Nf3 e6 5. Bb5 a6 6. Bd3 Nge7 7. O-O Qd7 8. c3
O-O-O 9. b4 Bxd3 10. Qxd3 f6 11. a4 Na7 12. Bf4 Ng6 13. Bg3 f5 14. h3 Be7 15.
Nbd2 Nf8 16. Rfb1 g5 17. b5 a5 18. b6 Nc6 19. bxc7 Kxc7 20. Rb5 Rb8 21. Rab1 f4
22. Bh2 Kd8 23. Nb3 Qc7 24. Nc5 Bxc5 25. Rxc5 h6 26. Rcb5 Qh7 27. Qe2 Rg8 28.
Qb2 h5 29. h4 gxh4 30. Rxb7 Rxb7 31. Qxb7 Qe4 32. Qa8+ 1-0

[Event "Groupe Commerce"]
[Site "Thetford Mines CAN"]
[Date "1996.06.28"]
[Round "1"]
[White "Lacroix, Serge"]
[Black "Leveille, Francois"]
[Result "0-1"]
[WhiteElo "1948"]
[BlackElo "2333"]
[PlyCount "62"]
[EventDate "1996.06.28"]
[EventType "swiss"]
[EventRounds "5"]
[EventCountry "CAN"]

1. e4 c5 2. Nf3 d6 3. d4 cxd4 4. Nxd4 Nf6 5. Nc3 a6 6. Bg5 e6 7. Qd2 Be7 8.
O-O-O b5 9. Bxf6 Bxf6 10. f4 O-O 11. g4 e5 12. Nf5 exf4 13. Nd5 Be5 14. Nde7+
Kh8 15. Nxc8 Qxc8 16. Nxd6 Qc7 17. Nf5 Rc8 18. h4 Nc6 19. Kb1 Rd8 20. Bd3 Na5
21. Qe2 Rac8 22. g5 Bxb2 23. Kxb2 Qc3+ 24. Kb1 Qb4+ 25. Ka1 Qc3+ 26. Kb1 Nc4
27. Bxc4 bxc4 28. Rxd8+ Rxd8 29. Rd1 Qb4+ 30. Ka1 Rb8 31. Qd2 Qb2# 0-1

[Event "Groupe Commerce"]
[Site "Thetford Mines CAN"]
[Date "1996.06.29"]
[Round "2"]
[White "Ouellet, Pierre"]
[Black "Lacroix, Serge"]
[Result "0-1"]
[WhiteElo "1753"]
[BlackElo "1948"]
[PlyCount "60"]
[EventDate "1996.06.28"]
[EventType "swiss"]
[EventRounds "5"]
[EventCountry "CAN"]

1. d4 Nf6 2. Nf3 e6 3. Bf4 d5 4. e3 Bd6 5. Bxd6 Qxd6 6. Nbd2 O-O 7. Bd3 c5 8.
c3 Nc6 9. O-O b6 10. Qa4 c4 11. Bb1 Bd7 12. Qd1 e5 13. dxe5 Nxe5 14. Nd4 g6 15.
Bc2 h5 16. Re1 Neg4 17. N4f3 Qc7 18. h3 Ne5 19. Nxe5 Qxe5 20. Nf3 Qe7 21. Qe2
b5 22. a3 a5 23. Qd1 Qc5 24. Qd4 Qxd4 25. exd4 Be6 26. Ng5 Bd7 27. Nf3 Rfb8 28.
Ne5 Be6 29. Kf1 Rb7 30. Bd1 Ne4 0-1

[Event "Groupe Commerce"]
[Site "Thetford Mines CAN"]
[Date "1996.06.30"]
[Round "3"]
[White "Lacroix, Serge"]
[Black "Boucher, Danny"]
[Result "1-0"]
[WhiteElo "1948"]
[BlackElo "1409"]
[Annotator "Desktop,Administrative"]
[PlyCount "36"]
[EventDate "1996.06.28"]
[EventType "swiss"]
[EventRounds "5"]
[EventCountry "CAN"]

1. e4 c5 2. Nf3 d6 3. d4 cxd4 4. Nxd4 Nf6 5. Nc3 a6 6. Bg5 Nbd7 7. f4 e5 8. Nf5
Nc5 9. fxe5 Ncxe4 10. Bxf6 Nxf6 11. Nxd6+ Bxd6 12. Qxd6 Qxd6 13. exd6 Bg4 14.
h3 Bf5 15. O-O-O O-O 16. Bd3 Bd7 17. Rhe1 Be6 18. g4 Rfe8 {etc.} 1-0

[Event "Groupe Commerce"]
[Site "Thetford Mines CAN"]
[Date "1996.06.30"]
[Round "4"]
[White "Moisan-Plante, Marc-Olivier"]
[Black "Lacroix, Serge"]
[Result "1-0"]
[WhiteElo "2110"]
[BlackElo "1948"]
[Annotator "Incomplete"]
[PlyCount "50"]
[EventDate "1996.06.28"]
[EventType "swiss"]
[EventRounds "5"]
[EventCountry "CAN"]

1. e4 e5 2. Nf3 Nc6 3. Nc3 Bc5 4. Nxe5 Nxe5 5. d4 Bd6 6. dxe5 Bxe5 7. f4 Bxc3+
8. bxc3 d6 9. Bd3 Bd7 10. O-O Qh4 11. Be3 Nf6 12. Qe1 Qxe1 13. Rfxe1 O-O 14.
Bd4 Rfe8 15. e5 dxe5 16. Bxe5 c5 17. h3 Bc6 18. g4 Nd5 19. c4 Nb4 20. Bf5 Rad8
21. a3 Na6 22. Bd3 Nb8 23. Bc3 Nd7 24. g5 Nf8 25. f5 Rxd3 {etc.} 1-0